Only If For A Night Lyrics (Florence + the Machine) - Statistics

General Stats
  • This quiz has been taken 149 times
    98 since last reset
  • The average score is 233 of 276
Answer Stats
Lyrics % Correct
a
100%
And
100%
and
100%
I
100%
the
100%
on
98%
to
98%
was
98%
for
97%
if
97%
my
97%
night
97%
only
97%
so
97%
me
95%
you
95%
your
92%
all
91%
it
91%
stand
91%
about
89%
came
89%
fight
89%
be
88%
solution
88%
there
86%
ghost
84%
had
84%
that
84%
as
83%
dream
83%
clear
81%
day
81%
heard
81%
in
81%
old
81%
school
81%
told
81%
concentrate
80%
holy
80%
pink
80%
practical
80%
she
80%
should
80%
voice
80%
gold
78%
like
78%
over
78%
surreal
78%
ceremonials
77%
her
77%
body
75%
some
75%
strange
75%
tiptoes
75%
dancing
73%
light
73%
secret
72%
arms
70%
glittering
70%
own
70%
around
69%
began
69%
grass
66%
graveyard
66%
green
66%
new
66%
threw
64%
alight
63%
did
63%
what
61%
against
59%
before
59%
set
59%
clothes
58%
honour
58%
legs
58%
rite
58%
tell
58%
you're
58%
weeping
56%
but
55%
bruised
52%
cartwheels
52%
dear
52%
this
52%
darling
48%
doing
47%
service
47%
handstands
44%
doe
31%
although
25%
burning
23%
sighing's
22%
shouldn't
5%
No matching quizzes found
Score Distribution
Percent of People with Each Score
Percentile by Number Answered
Your Score History
You have not taken this quiz since the last reset